00416nam a2200157 a 4500020001800000082002600018100001600044245004400060260003600104300000900140500003500149505001000184650002400194650002400218700001600242 a0687098 00a200 CRIa291.0321 CRI aCrim, Keith aAbingdon Dictionary of Living Religions aNew YorkbAbingdon Press c1981 a830p aincludes index and biblioraphy2 aIndex aDictionary-Religion aReligion-Dictionary1 aCrim, Keith